Compliance penal: sistemas de prevención de la corrupción

Enregistré dans:
Détails bibliographiques
Auteur principal: Artaza Varela, Osvaldo (Auteur)
Format: Livre
Langue:espagnol
Publié: Santiago Ediciones DER 2019
Édition:1a. ed
Collection:Monografías
Sujets:
Tags: Ajouter un tag
Pas de tags, Soyez le premier à ajouter un tag!

MARC

LEADER 00000cam a2200000 a 4500
001 UCC9164
003 CL-VaPUC
005 20211027074142.0
008 190906e20190000cl |||||||||||||||||spa|d
020 |a 9789569956530 
040 |c Pontificia Universidad Católica de Valparaíso 
082 0 4 |a 346.06  |b ART  |2 21 
100 0 |a Artaza Varela, Osvaldo  |e author  |9 341 
245 1 0 |a Compliance penal: sistemas de prevención de la corrupción 
250 |a 1a. ed 
260 |a Santiago  |b Ediciones DER  |c 2019 
300 |a 294 p 
490 0 |a Monografías 
583 |a last modification  |c 20190906 13:31:00  |k Rodrigo Vera 
650 7 |a CONFIABILIDAD  |2 CL-VaPUC  |9 373011 
650 7 |a DERECHO PENAL  |2 CL-VaPUC  |9 11 
650 0 |a Responsabilidad social empresarial  |9 525230 
942 |c BK 
945 |d 20190906 13:31:00  |a dcastane 
999 |c 375358  |d 375356 
952 |0 0  |1 0  |3 erb  |4 0  |6 346_060000000000000_ART_2019  |7 0  |8 A  |9 494318  |a BIBDER  |b BIBDER  |i 5560624  |l 3  |m 3  |o 346.06 ART 2019  |p 5560624  |r 2024-04-08  |s 2024-04-01  |w 2019-11-24  |y BK  |z Catalogado en:20190906  |k DER